Bamboo : (Record no. 10396)

000 -LEADER
fixed length control field 01123cam a22002774a 4500
003 - CONTROL NUMBER IDENTIFIER
control field OSt
005 - DATE AND TIME OF LATEST TRANSACTION
control field 20220316190825.0
008 - FIXED-LENGTH DATA ELEMENTS--GENERAL INFORMATION
fixed length control field 060126s2006 sz a b 001 0 eng
020 ## - INTERNATIONAL STANDARD BOOK NUMBER
International Standard Book Number 9783764374815
041 1# - LANGUAGE CODE
Language code of text/sound track or separate title eng
Language code of original and/or intermediate translations of text dut
042 ## - AUTHENTICATION CODE
Authentication code pcc
082 00 - DEWEY DECIMAL CLASSIFICATION NUMBER
Classification number 635.9/7749
Edition number 22
100 1# - MAIN ENTRY--PERSONAL NAME
Personal name Oprins, Jan.
240 10 - UNIFORM TITLE
Uniform title <a href="Bambuseae.">Bambuseae.</a>
Language of a work English
245 10 - TITLE STATEMENT
Title Bamboo :
Remainder of title a material for landscape and garden design /
Statement of responsibility, etc Jan Oprins, Harry van Trier ; photographs, Hugo Maertens.
250 ## - EDITION STATEMENT
Edition statement English ed.
260 ## - PUBLICATION, DISTRIBUTION, ETC. (IMPRINT)
Place of publication, distribution, etc Basel ;
-- Boston :
Name of publisher, distributor, etc Birkhäuser,
Date of publication, distribution, etc c2006.
300 ## - PHYSICAL DESCRIPTION
Extent 143 p. :
Other physical details ill. (chiefly col.) ;
Dimensions 34 cm.
500 ## - GENERAL NOTE
General note "Originally published in 2004 under the title 'Bambuseae' by Stichting Kunstboek bvba"--Colophon.
504 ## - BIBLIOGRAPHY, ETC. NOTE
Bibliography, etc Includes bibliographical references (p. [136]) and index.
505 00 - FORMATTED CONTENTS NOTE
Title Preface /
Statement of responsibility Jan Oprins --
Title The plant kingdom /
Statement of responsibility Harry van Trier --
Title Propagation /
Statement of responsibility Johan Gielis --
Title Bamboo and its environmental benefits /
Statement of responsibility Susanne Lucas --
Title Bamboo in our world /
Statement of responsibility Harry van Trier --
Title Applications.
650 #0 - SUBJECT ADDED ENTRY--TOPICAL TERM
Topical term or geographic name as entry element Bamboo.
700 1# - ADDED ENTRY--PERSONAL NAME
Personal name Trier, Harry van.
700 1# - ADDED ENTRY--PERSONAL NAME
Personal name Maertens, Hugo.
942 ## - ADDED ENTRY ELEMENTS (KOHA)
Source of classification or shelving scheme
Holdings
Withdrawn status Lost status Source of classification or shelving scheme Damaged status Koha normalized classification for sorting Not for loan Permanent location Current location Date acquired Source of acquisition Cost, normal purchase price Full call number Barcode Date last seen Cost, replacement price Price effective from Koha item type
        635_900000000000000_7749   BMS College of Architecture, Design and Planning BMS College of Architecture, Design and Planning 2022-03-16 1 3810.42 635.9/7749 AR-UG2563 2022-03-16 5443.46 2022-03-16 UG Books
Copyright © 2025, The Librarian, Library and Information Centre, BMSCA D&P, Bengaluru. All Rights Reserved
web counter

Powered by Koha